基度山恩仇記
| 資料類型: | 圖書 | 書目號: | 32857 |
Leader xxxxxxxxxx 001 __ 86022787 005 __ 19941110162557.0 008 __ chi 010 0_ |a957-558-326-4|b平裝|d新臺幣120元 100 __ |a19940514d1991 cd y0chiy0109 e. 101 1_ |achi |ceng. 102 __ |acw. 105 __ |aa z 000ay. 200 1_ |a基度山恩仇記|e|f大仲馬原著|g曾子玲改寫|g楊玲玲圖. 205 __ |a 210 __ |a臺南市|c大千文化|d民80. 215 0_ |a284面|c圖|d22公分. 225 2_ |a世界文學注音版全集|v12. 260 1_ |a1991. 300 __ |a 302 __ |a國語注音. 314 __ |a著者本名亞歷山大·仲馬. 606 __ |2csh|a西洋小說. 681 __ |a859.6|b4607|y80 v.12|v增訂七版. 700 _1 |a大仲馬|b|4原著. 702 _1 |a曾|b子玲|4改寫. 702 _1 |a楊|b玲玲|4圖. |